| 000 | 01281nam0a2200385 4500 | ||
|---|---|---|---|
| 001 | RU\NLR\bibl\128826 | ||
| 005 | 20260406060440.0 | ||
| 010 |
_a5-8301-0163-7 _95000 |
||
| 021 |
_aRU _b2000-40278 _91848 |
||
| 035 | _a(NLR Aleph) 000126215 | ||
| 090 |
_a719922 _c719922 |
||
| 100 | _a20001204d2000 u y0rusy50 ca | ||
| 101 | 1 |
_arus _cjpn |
|
| 102 | _aRU | ||
| 105 | _ay ||||||||| | ||
| 200 | 1 |
_aСтена глаз _eРоман _fСэйтєе Мацумото _g[Перевод с яп. Г. Г. Свиридова] |
|
| 210 |
_aСПб. _cАмфора _d2000 |
||
| 215 |
_a364,[1] с. _d21 |
||
| 225 | 1 | _aКлассический детектив | |
| 610 | 0 | _aДетективные романы и рассказы (х. л.) | |
| 675 |
_a821.521-31Мацумото Сэйте _v3 _zrus |
||
| 686 |
_a17.82 _2rugasnti |
||
| 686 |
_a84(5Япо)-44 _2rubbk |
||
| 686 | _aШ6(5Я)67-440.4 | ||
| 700 | 1 |
_4070 _8rus _7ca _aМацумото _bС. _f1909-1992 _gСэйтё _3RU\NLR\AUTH\7710672 _9120437 |
|
| 702 | 1 |
_aСвиридов _bГ. Г. _4730 |
|
| 801 | 0 |
_aRU _bRKP _c20001204 _gPSBO |
|
| 801 | 1 |
_aRU _bRKP _c20001204 |
|
| 801 | 2 |
_aRU _bNLR _c20041126 _grcr |
|
| 852 |
_aNLR _j2000-3/17751 |
||
| 942 | _cBOOK | ||
| 980 | _aNB | ||